An Anglo-Saxon reader. : With notes and a glossary.

Bibliographic Details
Main Author: Bright, James Wilson, 1852-1926
Format: Book
Language:English
Published: London : Sonnenschein, 1892.
Subjects:

MARC

Tag First Indicator Second Indicator Subfields
LEADER 00000cam a2200000K 4500
001 in00002636821
005 20151202093055.0
008 930210s1892 enk 000 0 eng d
029 1 |a NLGGC  |b 200178059 
029 1 |a DEBBG  |b BV035026201 
035 |a (OCoLC)ocm27406061 
035 |a (OCoLC)27406061 
040 |a BUQ  |c BUQ  |d OCLCG  |d TXA  |d UtOrBLW 
049 |a TXAM 
090 |a PE137  |b .B7 1892 
100 1 |a Bright, James Wilson,  |d 1852-1926. 
245 1 3 |a An Anglo-Saxon reader. :  |b With notes and a glossary. 
264 1 |a London :  |b Sonnenschein,  |c 1892. 
300 |a viii, 385 pages ;  |c 19 cm. 
336 |a text  |b txt  |2 rdacontent 
337 |a unmediated  |b n  |2 rdamedia 
338 |a volume  |b nc  |2 rdacarrier 
650 0 |a English language  |y Old English, ca. 450-1100  |v Readers. 
948 |a cataloged  |b h  |c 2010/10/20  |d c  |e hgolay  |f 4:56:00 pm 
994 |a C0  |b TXA 
999 |a MARS 
999 f f |s ec06bce5-e288-351d-94c9-8180a31800f0  |i cd429525-34cd-3bda-a5cc-a144977e377d  |t 0 
952 f f |p noncirc  |a Texas A&M University  |b College Station  |c Cushing Memorial Library & Archives  |d Cushing: Literature/Mitchell (Does not check out)  |t 0  |e PE137 .B7 1892  |h Library of Congress classification  |i unmediated -- volume 
998 f f |a PE137 .B7 1892  |t 0  |l Cushing: Literature/Mitchell (Does not check out)